000
00219nam a22000977a 4500
003
OSt
008
210114b ||||| |||| 00| 0 eng d
100
_a
Gorki, Maxim
_9
4863
245
_a
Gorkiyude Natakangal I
942
_c
BK
999
_c
16539
_d
16539